000 00934nas a2200301 4500
001 BR0301583
003 BR-BrBNA
005 20231205103645.0
007 ta
008 230509b bl.|||p| |||| 00| 00por d
040 _aBR-BrBNA
_bpor
_cBiblioteca Nacional de Agricultura
041 _a(Pt)
072 _aF62
100 1 _aRussowski, D.
100 1 _aNicoloso, F.T.
245 1 _aNitrogênio e fósforo no crescimento de plantas de ginseng brasileiro [Pfaffia glomerata (Spreng.)Pedersen]cultivadas in vitro
650 _aPFAFFIA GLOMERATA
650 _aNITROGÊNIO
650 _aFÓSFORO
650 _aCRESCIMENTO
650 _aCULTURA IN VITRO
650 _aCULTURA DE TECIDO
650 _aMICROPROPAGAÇÃO
650 _aRIO GRANDE DO SUL
773 0 _tCiência Rural (Brazil)
_xISSN 0103-8478
_g(Jan-Feb 2003), v. 33(1) p. 57-63
_wBR0301583
909 _a202311
_bLúcia
_c55
_dLúcia Elande
942 _2AGRIS
_n0
_cANA
999 _c174055
_d174055